| 000 | 00503pab a2200181 454500 | ||
|---|---|---|---|
| 008 | 180718b2014 xxu||||| |||| 00| 0 eng d | ||
| 100 | _aKhatua, Sitangshu | ||
| 245 | _aIndication of over reaction with or without stock specific public announcements in Indian stock market | ||
| 260 | _c2014 | ||
| 300 | _ap.35-49. | ||
| 362 | _aJul-Sep | ||
| 650 | _aFinancial markets - India | ||
| 650 | _aFinancial markets | ||
| 700 | _aPradhan, H.K. | ||
| 773 | _aVikalpa | ||
| 908 | _aN | ||
| 909 | _a106271 | ||
| 999 |
_c106266 _d106266 |
||